Statistics for Iran First Level Subdivisions

Click here to take the quiz!

General Stats

  • This quiz has been taken 66 times
  • The average score is 16 of 31

Answer Stats

Ostanha% Correct
Tehran
93%
Isfahan
74%
Qom
70%
Fars
67%
Kerman
67%
Kurdistan
67%
East Azerbaijan
59%
West Azerbaijan
59%
Yazd
59%
Kermanshah
56%
North Khorasan
56%
Sistan and Baluchestan
56%
Gilan
52%
Hamadan
52%
Khuzestan
52%
Lorestan
52%
Ilam
48%
Markazi
48%
South Khorasan
48%
Bushehr
44%
Hormozgān
44%
Mazandaran
44%
Razavi Khorasan
44%
Ardabil
41%
Golestan
41%
Zanjan
41%
Alborz
37%
Qazvin
37%
Semnan
33%
Chahar Mahaal and Bakhtiari
22%
Kohgiluyeh and Boyer-Ahmad
19%

Score Distribution

Percentile by Number Answered

Percent of People with Each Score

Your Score History

You have not taken this quiz